Media industries in the digital age : How media businesses work today

This book examines how digital technologies have transformed media industries, focusing on changes in production, distribution, and business models. It explores streaming platforms, data-driven strategies, and global market shifts, offering a clear overview of how media companies operate in the digi...

Πλήρης περιγραφή

Αποθηκεύτηκε σε:
Λεπτομέρειες βιβλιογραφικής εγγραφής
Κύριος συγγραφέας: Lotz, Amanda D.
Άλλοι συγγραφείς: Havens, Timothy
Μορφή: Βιβλίο
Γλώσσα:Vietnamese
Έκδοση: Cambridge, UK Polity Press 2025
Έκδοση:1st ed.
Θέματα:
Ετικέτες: Προσθήκη ετικέτας
Δεν υπάρχουν, Καταχωρήστε ετικέτα πρώτοι!
Thư viện lưu trữ: Thư viện Trường Đại học Nam Cần Thơ
LEADER 01176nam a22002297a 4500
001 NCT_4_018023
008 250412b xxu||||| |||| 00| 0 vie d
999 |c 8865  |d 8865 
020 |a 9781509565900  |c 862000 
082 0 4 |2 23rd ed.  |a 302.23  |b L885 
100 1 |a Lotz, Amanda D. 
245 1 0 |a Media industries in the digital age :  |b How media businesses work today   |c Amanda D. Lotz, Timothy Havens 
250 |a 1st ed. 
260 |a Cambridge, UK  |b Polity Press  |c 2025 
300 |a xii, 204 p.  |b ill.  |c 24 cm 
504 |a Includes index 
520 3 |a This book examines how digital technologies have transformed media industries, focusing on changes in production, distribution, and business models. It explores streaming platforms, data-driven strategies, and global market shifts, offering a clear overview of how media companies operate in the digital age. 
653 |a Truyền thông đa phương tiện 
700 1 |a Havens, Timothy 
942 |2 ddc  |c BK 
952 |0 0  |1 0  |2 ddc  |4 0  |6 302_230000000000000_L885  |7 0  |9 30518  |a 000001  |b 000001  |d 2025-04-18  |o 302.23 L885  |p MD.23690  |r 2025-04-18  |v 862000.00  |w 2025-04-18  |y BK 
980 |a Thư viện Trường Đại học Nam Cần Thơ